| 000 | 00571nam a2200193Ii 4500 | ||
|---|---|---|---|
| 003 | JO-AjNU | ||
| 008 | 230606s9999||||xx |||||||||||||| ||und|| | ||
| 040 |
_aJO-AjNU _beng _erda _cJO-AjNU |
||
| 041 | _aeng | ||
| 050 | 1 | 4 | _aT3222.2003 |
| 100 | 3 |
_aTbakhi,AMER, _eauthor _92744 |
|
| 245 | 0 | 0 | _aHand book for Engineering students |
| 264 | 3 | 1 | _aعمان:داروائل للنشر،2003 |
| 300 | _a168p | ||
| 336 |
_atext _btxt _2rdacontent |
||
| 337 |
_aunmediated _bn _2rdamedia |
||
| 338 |
_avolume _bnc _2rdacarrier |
||
| 650 | 4 |
_aHand book for Engineering students _92745 |
|
| 999 |
_aE1436 _c1436 _d1436 |
||